00284 a2200121 4500001000700000020001800007040001100025100004800036240003300084245002800117300000800145362000900153175304 a85-10-02095-7 cMagnum aNoronha, Carlos Henrique Moura Mavignier de10aA geografia do Brasil 2lpor10aA geografia do Brasil 2 a1720 a1997